000 00358 a2200169 4500
001 174785
020 _a85-16-03153-5
040 _cMagnum
100 _aLadeira, Julieta de Godoy
240 1 0 _aÍndio vivo
_lpor
245 1 0 _aÍndio vivo
300 _a72
362 0 _a2007
440 1 _aModerna
697 _aLITERATURA INFANTO-JUVENIL
942 _cBK
999 _c174785
_d174785